<?xml version="1.0" encoding="UTF-8"?>
<record
    xmlns:xsi="http://www.w3.org/2001/XMLSchema-instance"
    xsi:schemaLocation="http://www.loc.gov/MARC21/slim http://www.loc.gov/standards/marcxml/schema/MARC21slim.xsd"
    xmlns="http://www.loc.gov/MARC21/slim">

  <leader>00626nam a2200181Ia 4500</leader>
  <controlfield tag="008">090630s9999    xx            000 0 und d</controlfield>
  <datafield tag="082" ind1=" " ind2=" ">
    <subfield code="b">3054</subfield>
  </datafield>
  <datafield tag="100" ind1=" " ind2=" ">
    <subfield code="a">&#x926;&#x93E;&#x902;&#x921;&#x947;&#x915;&#x930; &#x917;&#x94B;. &#x928;&#x93F;.</subfield>
  </datafield>
  <datafield tag="245" ind1=" " ind2=" ">
    <subfield code="a">&#x936;&#x93F;&#x935;&#x924;&#x93F;&#x930;&#x94D;&#x925; &#x930;&#x93E;&#x92F;&#x917;&#x921;.</subfield>
    <subfield code="c">&#x926;&#x93E;&#x902;&#x921;&#x947;&#x915;&#x930; &#x917;&#x94B;. &#x928;&#x93F;.</subfield>
  </datafield>
  <datafield tag="260" ind1=" " ind2=" ">
    <subfield code="b">&#x915;&#x941;. &#x91C;&#x940;. &#x92A;.</subfield>
    <subfield code="c">1887</subfield>
  </datafield>
  <datafield tag="300" ind1=" " ind2=" ">
    <subfield code="a">159</subfield>
  </datafield>
  <datafield tag="600" ind1=" " ind2=" ">
    <subfield code="a">&#x926;&#x93E;&#x902;&#x921;&#x947;&#x915;&#x930; &#x917;&#x94B;. &#x928;&#x93F;.</subfield>
  </datafield>
  <datafield tag="630" ind1=" " ind2=" ">
    <subfield code="a">&#x936;&#x93F;&#x935;&#x924;&#x93F;&#x930;&#x94D;&#x925; &#x930;&#x93E;&#x92F;&#x917;&#x921;.</subfield>
  </datafield>
  <datafield tag="655" ind1=" " ind2=" ">
    <subfield code="a">&#x92A;&#x94D;&#x930;&#x935;&#x93E;&#x938;.</subfield>
  </datafield>
  <datafield tag="700" ind1=" " ind2=" ">
    <subfield code="a">&#x926;&#x93E;&#x902;&#x921;&#x947;&#x915;&#x930; &#x917;&#x94B;. &#x928;&#x93F;.</subfield>
  </datafield>
  <datafield tag="730" ind1=" " ind2=" ">
    <subfield code="a">&#x936;&#x93F;&#x935;&#x924;&#x93F;&#x930;&#x94D;&#x925; &#x930;&#x93E;&#x92F;&#x917;&#x921;.</subfield>
  </datafield>
  <datafield tag="942" ind1=" " ind2=" ">
    <subfield code="c">BOOK</subfield>
  </datafield>
  <datafield tag="999" ind1=" " ind2=" ">
    <subfield code="c">254910</subfield>
    <subfield code="d">254910</subfield>
  </datafield>
  <datafield tag="952" ind1=" " ind2=" ">
    <subfield code="0">0</subfield>
    <subfield code="1">0</subfield>
    <subfield code="4">0</subfield>
    <subfield code="7">0</subfield>
    <subfield code="a">SAWASHRI</subfield>
    <subfield code="b">SAWASHRI</subfield>
    <subfield code="d">2004-02-08</subfield>
    <subfield code="g">3.00</subfield>
    <subfield code="l">0</subfield>
    <subfield code="o">3054</subfield>
    <subfield code="p">SAWASHRI-3054</subfield>
    <subfield code="r">2009-06-30 00:00:00</subfield>
    <subfield code="v">3.00</subfield>
    <subfield code="w">2009-06-30</subfield>
    <subfield code="y">BOOK</subfield>
  </datafield>
</record>
